Channeling and PXR experiments at the SAGA light source; RReps'11. Radiation from Relativistic Electrons in Periodic Structures

Bibliographic Details
Parent link:RReps'11. Radiation from Relativistic Electrons in Periodic Structures.— 2011.— С. 54
Other Authors: Takabayashi Y., Kaneyasu T., Iwasaki Y., Shchagin A. V., Bogdanov O. V. Oleg Viktorovich, Korotchenko K. B. Konstantin Borisovich, Pivovarov Yu. L. Yuriy Leonidovich, Tukhfatullin T. A. Timur Ahatovich
Language:English
Published: 2011
Subjects:
Format: Book Chapter
KOHA link:https://koha.lib.tpu.ru/cgi-bin/koha/opac-detail.pl?biblionumber=244907

MARC

LEADER 00000naa2a2200000 4500
001 244907
005 20260112104858.0
035 |a (RuTPU)RU\TPU\book\266302 
035 |a RU\TPU\book\266201 
090 |a 244907 
100 |a 20131030d2011 k||y0rusy50 ba 
101 0 |a eng 
102 |a RU 
200 1 |a Channeling and PXR experiments at the SAGA light source  |f Y. Takabayashi [и др.] 
320 |a Библиогр.: 5 (назв.) 
463 0 |0 (RuTPU)RU\TPU\book\250355  |t RReps'11. Radiation from Relativistic Electrons in Periodic Structures  |o IX International Symposium, 12-16 September 2011, Egham, United Kingdom  |f RReps'11. Radiation from Relativistic Electrons in Periodic Structures, International Symposium ; Tomsk Polytechnic University (TPU)  |v С. 54  |d 2011 
610 1 |a труды учёных ТПУ 
610 1 |a PXR 
610 1 |a pregnane X receptor 
610 1 |a ПРИ 
610 1 |a эксперименты 
610 1 |a каналирование 
610 1 |a источники света 
610 1 |a SAGA 
701 1 |a Takabayashi  |b Y. 
701 1 |a Kaneyasu  |b T. 
701 1 |a Iwasaki  |b Y. 
701 1 |a Shchagin  |b A. V. 
701 1 |a Bogdanov  |b O. V.  |c physicist  |c Associate Professor of Tomsk Polytechnic University, Candidate of Physical and Mathematical Sciences  |f 1981-  |g Oleg Viktorovich  |3 (RuTPU)RU\TPU\pers\31518  |9 15679 
701 1 |a Korotchenko  |b K. B.  |c physicis  |c Professor of Tomsk Polytechnic University, doctor of physical and mathematical Sciences  |f 1949-  |g Konstantin Borisovich  |3 (RuTPU)RU\TPU\pers\31536  |9 15697 
701 1 |a Pivovarov  |b Yu. L.  |c physicist  |c professor of Tomsk Polytechnic University  |f 1953-  |g Yuriy Leonidovich  |3 (RuTPU)RU\TPU\pers\31522 
701 1 |a Tukhfatullin  |b T. A.  |c physicist  |c Associate Professor of Tomsk Polytechnic University, Candidate of physical and mathematical sciences  |f 1971-  |g Timur Ahatovich  |3 (RuTPU)RU\TPU\pers\33633 
801 1 |a RU  |b 63413507  |c 20131028 
801 2 |a RU  |b 63413507  |c 20150224  |g RCR 
942 |c BK